Địa hình cacxtơ ở Việt Nam

Saved in:
Bibliographic Details
Main Author: Đào Trọng Năng
Format: Book
Language:Undetermined
Published: Hà Nội KHKT 1979
Subjects:
Tags: Add Tag
No Tags, Be the first to tag this record!
Institutions: Trung tâm Học liệu Trường Đại học Cần Thơ
LEADER 00472nam a2200169Ia 4500
001 CTU_3272
008 210402s9999 xx 000 0 und d
082 |a 551.447 
082 |b N116 
100 |a Đào Trọng Năng 
245 0 |a Địa hình cacxtơ ở Việt Nam 
245 0 |c Đào Trọng Năng 
260 |a Hà Nội 
260 |b KHKT 
260 |c 1979 
650 |a geology, stratigraphic 
980 |a Trung tâm Học liệu Trường Đại học Cần Thơ